[Event "MNE-ch 76th"]
[Site "Podgorica"]
[Date "2024.02.09"]
[Round "4"]
[White "Smirnov, Artem"]
[Black "Kadric, Denis"]
[Result "1/2-1/2"]
[WhiteElo "2406"]
[BlackElo "2586"]
[PlyCount "71"]
[EventDate "2024.02.06"]
[EventType "swiss"]
[EventRounds "11"]
[EventCountry "MNE"]
[SourceTitle "CB08_2024"]
[SourceDate "2024.02.21"]
[SourceVersion "1"]
[SourceVersionDate "2024.02.21"]
[SourceQuality "1"]

1. d4 d6 2. e4 Nf6 3. Nc3 e5 4. Nf3 Nbd7 5. Bc4 Be7 6. a4 0-0 7. 0-0 c6 8. h3 h6 9. Re1 Re8 10. a5 Qc7 11. Be3 exd4 12. Nxd4 Bf8 13. Bf4 Rb8 14. Bg3 b5 15. axb6 axb6 16. b4 b5 17. Bb3 Ne5 18. f4 Ng6 19. Qf3 Bd7 20. Rab1 c5 21. bxc5 dxc5 22. Ndxb5 Bxb5 23. Nxb5 Rxb5 24. Bxf7+ Kxf7 25. Rxb5 Qc6 26. f5 Qxb5 27. fxg6+ Kxg6 28. e5 Qc4 29. exf6 Rxe1+ 30. Bxe1 Qxc2 31. Bc3 Qc1+ 32. Kf2 Qc2+ 33. Kf1 Qc1+ 34. Kf2 Qc2+ 35. Kf1 Qc1+ 36. Kf2 1/2-1/2

[Event "EU-ch blitz"]
[Site "Tallinn"]
[Date "2019.12.07"]
[Round "22"]
[White "Ruck, Robert"]
[Black "Smirnov, Artem"]
[Result "1-0"]
[WhiteElo "2541"]
[BlackElo "2283"]
[PlyCount "135"]
[EventDate "2019.12.07"]
[EventType "swiss (blitz)"]
[EventRounds "22"]
[EventCountry "EST"]
[SourceTitle "CBM 193 Extra"]
[Source "ChessBase"]
[SourceDate "2020.01.31"]
[SourceVersion "1"]
[SourceVersionDate "2020.01.31"]
[SourceQuality "1"]

1. Nf3 Nf6 2. c4 e6 3. Nc3 Bb4 4. Qc2 c5 5. a3 Bxc3 6. Qxc3 0-0 7. e3 d6 8. Be2 Nc6 9. 0-0 e5 10. b4 Bg4 11. h3 Bh5 12. d3 Qe7 13. Bb2 Rfe8 14. Rfe1 b6 15. Nd2 Bxe2 16. Rxe2 Rad8 17. Qb3 h6 18. Rf1 Qe6 19. Bc3 Ne7 20. Qb2 Ng6 21. Ree1 Qf5 22. Qc2 Nh4 23. Kh2 Qg6 24. g3 Nf5 25. e4 Nd4 26. Bxd4 cxd4 27. Nf3 Nh7 28. Qe2 Qe6 29. Kg2 f5 30. exf5 Qxf5 31. Qe4 Qxe4 32. Rxe4 Nf6 33. Re2 Kf7 34. Rfe1 Nd7 35. Nd2 Re6 36. Ne4 Nf6 37. Nd2 Nd7 38. Ne4 Nf6 39. Nd2 Rde8 40. Nb3 d5 41. c5 R8e7 42. Rc2 Re8 43. cxb6 axb6 44. a4 Ra8 45. a5 bxa5 46. bxa5 Re7 47. Ra2 Ra6 48. Nc5 Rc6 49. a6 Rxc5 50. a7 Rc8 51. a8Q Rxa8 52. Rxa8 e4 53. Ra4 Rc7 54. Rxd4 Rc2 55. Kf1 Ke6 56. dxe4 dxe4 57. Re2 Rc1+ 58. Kg2 Ke5 59. Ra4 Rc5 60. Rea2 Rc3 61. Ra5+ Ke6 62. Ra7 g5 63. R7a6+ Kf5 64. R2a5+ Kg6 65. Rb5 Rf3 66. Re5 Kg7 67. Re7+ Kg6 68. Rxe4 1-0

[Event "EU-ch blitz"]
[Site "Tallinn"]
[Date "2019.12.07"]
[Round "20"]
[White "Smirnov, Artem"]
[Black "Pohjala, Henri"]
[Result "1-0"]
[WhiteElo "2283"]
[BlackElo "2447"]
[PlyCount "46"]
[EventDate "2019.12.07"]
[EventType "swiss (blitz)"]
[EventRounds "22"]
[EventCountry "EST"]
[SourceTitle "CBM 193 Extra"]
[Source "ChessBase"]
[SourceDate "2020.01.31"]
[SourceVersion "1"]
[SourceVersionDate "2020.01.31"]
[SourceQuality "1"]

1. d4 d5 2. c4 c6 3. Nf3 Nf6 4. Nc3 a6 5. Qc2 e6 6. e4 dxe4 7. Nxe4 Nxe4 8. Qxe4 Bd6 9. Bd3 Nd7 10. 0-0 Nf6 11. Qh4 b6 12. Bg5 Bb7 13. Rfe1 Be7 14. Rad1 Qc7 15. Ne5 h6 16. Qh3 Rf8 17. Bh4 Nd7 18. Nxf7 Rxf7 19. Qxe6 Nf8 20. Qg4 g5 21. Bg3 Qd7 22. Qh5 Bc8 23. h3 Ne6 1-0

[Event "EU-ch blitz"]
[Site "Tallinn"]
[Date "2019.12.07"]
[Round "17"]
[White "Smirnov, Artem"]
[Black "Szadkowski, Kamil"]
[Result "1-0"]
[WhiteElo "2283"]
[BlackElo "2095"]
[PlyCount "60"]
[EventDate "2019.12.07"]
[EventType "swiss (blitz)"]
[EventRounds "22"]
[EventCountry "EST"]
[SourceTitle "CBM 193 Extra"]
[Source "ChessBase"]
[SourceDate "2020.01.31"]
[SourceVersion "1"]
[SourceVersionDate "2020.01.31"]
[SourceQuality "1"]

1. d4 d5 2. c4 dxc4 3. e3 Nf6 4. Bxc4 e6 5. Nf3 a6 6. 0-0 b5 7. Be2 Bb7 8. a4 b4 9. Ne5 Nbd7 10. Bf3 Nd5 11. Nc4 a5 12. Nbd2 c5 13. e4 N5b6 14. d5 Be7 15. dxe6 fxe6 16. e5 Nd5 17. Bh5+ g6 18. Bg4 Ra6 19. Ne4 0-0 20. Bh6 Rf7 21. Ned6 Bxd6 22. Nxd6 Nxe5 23. Nxf7 Kxf7 24. Bh3 Rd6 25. Qe2 Qf6 26. Rfe1 Nd7 27. Qd2 Qe7 28. Bg5 Qf8 29. Qe2 Kg7 30. Bxe6 Nf4 1-0

[Event "Chigorin Memorial 27th"]
[Site "St Petersburg"]
[Date "2019.10.08"]
[Round "4"]
[White "Ivanov, Sergei V"]
[Black "Smirnov, Artem"]
[Result "1/2-1/2"]
[WhiteElo "2134"]
[BlackElo "2416"]
[PlyCount "36"]
[EventDate "2019.10.05"]
[EventType "swiss"]
[EventRounds "9"]
[EventCountry "RUS"]
[SourceTitle "EXT 2020"]
[Source "ChessBase"]
[SourceDate "2019.10.17"]
[SourceVersion "1"]
[SourceVersionDate "2019.10.17"]
[SourceQuality "1"]

1. e4 c5 2. Nf3 Nc6 3. d4 cxd4 4. Nxd4 e6 5. Nc3 Qc7 6. g3 a6 7. Bg2 h5 8. h3 h4 9. g4 Bc5 10. Nf3 Nge7 11. Bg5 Ng6 12. Qd2 f6 13. Be3 Bxe3 14. Qxe3 Qf4 15. Qxf4 Nxf4 16. 0-0 b5 17. Rfe1 Ne5 18. Kh2 Bb7 1/2-1/2

[Event "Chigorin Memorial 27th"]
[Site "St Petersburg"]
[Date "2019.10.07"]
[Round "3"]
[White "Smirnov, Artem"]
[Black "Ter Sahakyan, Samvel"]
[Result "1/2-1/2"]
[WhiteElo "2416"]
[BlackElo "2623"]
[PlyCount "163"]
[EventDate "2019.10.05"]
[EventType "swiss"]
[EventRounds "9"]
[EventCountry "RUS"]
[SourceTitle "EXT 2020"]
[Source "ChessBase"]
[SourceDate "2019.10.17"]
[SourceVersion "1"]
[SourceVersionDate "2019.10.17"]
[SourceQuality "1"]

1. d4 Nf6 2. c4 e6 3. Nc3 Bb4 4. f3 d5 5. a3 Be7 6. e4 dxe4 7. fxe4 c5 8. d5 0-0 9. Nf3 exd5 10. exd5 Bg4 11. Be2 Bxf3 12. Bxf3 Bd6 13. 0-0 Nbd7 14. g3 a6 15. Bg2 Re8 16. Bf4 Qb6 17. Bxd6 Qxd6 18. Qd2 Re5 19. Rae1 Rae8 20. Qf4 h6 21. Bh3 g5 22. Qf2 Rxe1 23. Rxe1 Rxe1+ 24. Qxe1 Ne5 25. Qe2 h5 26. Bg2 g4 27. b3 Ng6 28. Ne4 Nxe4 29. Bxe4 Qe5 30. Kg2 f5 31. Bd3 Qxe2+ 32. Bxe2 Kf7 33. h3 Kf6 34. hxg4 hxg4 35. Kf2 Ke5 36. Ke3 Ne7 37. a4 a5 38. Bd3 Nc8 39. Bc2 Nd6 40. Bd3 Ne8 41. Bb1 Nf6 42. Bc2 Nh5 43. Kf2 f4 44. gxf4+ Kxf4 45. Bg6 Nf6 46. Kg2 Kg5 47. Bc2 Kf4 48. Bg6 b6 49. Bc2 Ne8 50. Bd3 Nd6 51. Bg6 Nb7 52. Bd3 Nd6 53. Bg6 g3 54. Bc2 Kg4 55. Bd1+ Kf4 56. Bc2 Ne8 57. Bg6 Nf6 58. Bd3 Ng4 59. Bg6 Ne3+ 60. Kg1 Ke5 61. Bd3 Kf6 62. Be4 Ke7 63. Bd3 Kd7 64. Be4 Kd6 65. Bd3 Ke5 66. Bg6 Kf6 67. Bd3 Kg5 68. Bh7 Ng4 69. Kg2 Kf4 70. Bd3 Ne5 71. Bc2 Nf3 72. Bd1 Ne1+ 73. Kg1 Nd3 74. Kg2 Ne5 75. Bc2 Ng4 76. Bd3 Ne5 77. Bc2 Nd7 78. Bd3 Nf6 79. Bc2 Ng4 80. Bd3 Ne3+ 81. Kg1 Ke5 82. Bg6 1/2-1/2

[Event "Chigorin Memorial 27th"]
[Site "St Petersburg"]
[Date "2019.10.05"]
[Round "1"]
[White "Smirnov, Artem"]
[Black "Dmitriev, Vladimir"]
[Result "1-0"]
[WhiteElo "2416"]
[BlackElo "1951"]
[PlyCount "89"]
[EventDate "2019.10.05"]
[EventType "swiss"]
[EventRounds "9"]
[EventCountry "RUS"]
[SourceTitle "EXT 2020"]
[Source "ChessBase"]
[SourceDate "2019.10.17"]
[SourceVersion "1"]
[SourceVersionDate "2019.10.17"]
[SourceQuality "1"]

1. d4 d5 2. c4 c6 3. Nf3 Nf6 4. Nc3 e6 5. e3 Ne4 6. Bd3 f5 7. Ne5 Qh4 8. 0-0 Bd6 9. f4 0-0 10. Qb3 Nd7 11. cxd5 Bxe5 12. dxe6 Ndc5 13. dxc5 Nxc5 14. Qc4 Qe7 15. fxe5 b5 16. Qd4 Rd8 17. Bxf5 Rxd4 18. exd4 Nxe6 19. Be3 Qb4 20. d5 Qxb2 21. Rac1 cxd5 22. Rf2 Qa3 23. Nxd5 Bd7 24. Rc3 Qa5 25. Bd2 Qxa2 26. Bxh7+ Kh8 27. Bf5 Ng5 28. Bxg5 Qa1+ 29. Rf1 Qxf1+ 30. Kxf1 Bxf5 31. Ne7 Be6 32. Rc6 Bc4+ 33. Ke1 a5 34. Rc8+ Rxc8 35. Nxc8 a4 36. Nd6 a3 37. Bc1 a2 38. Bb2 Bd5 39. Nxb5 Kg8 40. g3 g5 41. Kd2 Kf7 42. Ke3 Bb3 43. Nd4 Bd5 44. g4 Ke7 45. Nf3 1-0

[Event "Riga Tech op-A"]
[Site "Riga"]
[Date "2019.08.11"]
[Round "9"]
[White "Wagner, Dinara"]
[Black "Smirnov, Artem"]
[Result "0-1"]
[WhiteElo "2319"]
[BlackElo "2421"]
[PlyCount "128"]
[EventDate "2019.08.05"]
[EventType "swiss"]
[EventRounds "9"]
[EventCountry "LAT"]
[SourceTitle "CBM 191 Extra"]
[Source "ChessBase"]
[SourceDate "2019.09.30"]
[SourceVersion "1"]
[SourceVersionDate "2019.09.30"]
[SourceQuality "1"]

1. Nf3 Nf6 2. c4 g6 3. g3 Bg7 4. Bg2 0-0 5. d4 d6 6. Nc3 Nc6 7. 0-0 a6 8. d5 Na5 9. Nd2 c5 10. Qc2 b5 11. cxb5 axb5 12. Nxb5 Qb6 13. Nc3 Bf5 14. e4 Bc8 15. Rd1 Ba6 16. Rb1 Ng4 17. h3 Ne5 18. Nf1 Qb4 19. Bg5 Rfe8 20. Rbc1 h6 21. Bf4 Nac4 22. Bxe5 Nxe5 23. Ne3 c4 24. Rb1 Rec8 25. Bf1 Rab8 26. a3 Qa5 27. Kg2 Nd3 28. Nxc4 Bxc4 29. Bxd3 Bb3 30. Qe2 Bxc3 31. bxc3 Bxd1 32. Rxd1 Rxc3 33. h4 Rxa3 34. h5 Ra2 35. Qf3 Rbb2 36. Rf1 Kg7 37. hxg6 fxg6 38. e5 dxe5 39. Bxg6 Kxg6 40. Qg4+ Kf7 41. Qh5+ Kf8 42. Qxh6+ Ke8 43. Qh8+ Kd7 44. Qxe5 Qb6 45. Qf5+ Ke8 46. Qh5+ Kd8 47. Qh8+ Kd7 48. Qh3+ Kc7 49. Qf5 Rc2 50. g4 Qf6 51. d6+ Kxd6 52. Rd1+ Rd2 53. Qxf6+ exf6 54. Rf1 Ke5 55. Kg3 Rxf2 56. Rxf2 Rxf2 57. Kxf2 Kf4 58. g5 fxg5 59. Kg2 Kg4 60. Kh2 Kf3 61. Kh3 g4+ 62. Kh2 Kf2 63. Kh1 Kg3 64. Kg1 Kh3 0-1

[Event "Riga Tal Memorial rapid"]
[Site "Riga"]
[Date "2019.07.17"]
[Round "8"]
[White "Smirnov, Artem"]
[Black "Onischuk, Vladimir"]
[Result "0-1"]
[WhiteElo "2421"]
[BlackElo "2637"]
[PlyCount "96"]
[EventDate "2019.07.16"]
[EventType "swiss (rapid)"]
[EventRounds "11"]
[EventCountry "LAT"]
[SourceTitle "CBM 191 Extra"]
[Source "ChessBase"]
[SourceDate "2019.09.30"]
[SourceVersion "1"]
[SourceVersionDate "2019.09.30"]
[SourceQuality "1"]

1. d4 d6 2. Nf3 g6 3. c4 Bg7 4. Nc3 Bg4 5. e3 c5 6. Be2 cxd4 7. exd4 Nc6 8. d5 Bxf3 9. Bxf3 Ne5 10. Be2 h5 11. 0-0 Nh6 12. Qb3 Qc8 13. Bg5 Nf5 14. Qa4+ Qd7 15. Qxd7+ Kxd7 16. Rac1 Rhc8 17. b3 Nd4 18. Be3 Nxe2+ 19. Nxe2 a6 20. Bb6 Ke8 21. a4 Nd7 22. Bd4 Bh6 23. Rc3 Rcb8 24. a5 Bd2 25. Rh3 Bxa5 26. g4 hxg4 27. Rh8+ Nf8 28. f3 gxf3 29. Rxf3 f6 30. Ng3 b5 31. c5 dxc5 32. Bxc5 Bb6 33. b4 Bxc5+ 34. bxc5 b4 35. d6 b3 36. Re3 Ra7 37. Ne2 b2 38. Nc3 b1Q+ 39. Nxb1 Rxb1+ 40. Kg2 Kf7 41. Rd3 exd6 42. Rxd6 Rb8 43. c6 a5 44. Rh3 a4 45. Rc3 a3 46. c7 Rc8 47. Rcc6 a2 48. Rxf6+ Kg7 0-1

[Event "Viljandi Raud Memorial 53rd"]
[Site "Viljandi"]
[Date "2019.07.07"]
[Round "8"]
[White "Haitin, Ilja"]
[Black "Smirnov, Artem"]
[Result "0-1"]
[WhiteElo "2315"]
[BlackElo "2421"]
[PlyCount "76"]
[EventDate "2019.07.06"]
[EventType "swiss (rapid)"]
[EventRounds "10"]
[EventCountry "EST"]
[SourceTitle "CBM 191 Extra"]
[Source "ChessBase"]
[SourceDate "2019.09.30"]
[SourceVersion "1"]
[SourceVersionDate "2019.09.30"]
[SourceQuality "1"]

1. g3 c5 2. Bg2 Nc6 3. e4 g6 4. f4 Bg7 5. Nf3 d6 6. 0-0 e6 7. d3 Nge7 8. c3 0-0 9. Be3 b6 10. Na3 Ba6 11. Bf2 Rc8 12. g4 b5 13. Nc2 b4 14. cxb4 cxb4 15. Ncd4 Nxd4 16. Nxd4 e5 17. Nc2 exf4 18. Nxb4 Bb7 19. d4 g5 20. h4 h6 21. Qd2 Qd7 22. Bf3 f5 23. gxf5 Nxf5 24. hxg5 hxg5 25. Qd3 Nh6 26. Bh5 Qe7 27. Nd5 Bxd5 28. exd5 g4 29. Qg6 g3 30. Be1 Qh4 31. Kg2 Qh2+ 32. Kf3 Rf6 33. Qg5 Rf5 34. Qg6 Qxh5+ 35. Qxh5 Rxh5 36. Bc3 Rf8 37. a4 Rg5 38. Rg1 Ng4 0-1

[Event "Viljandi Raud Memorial 53rd"]
[Site "Viljandi"]
[Date "2019.07.07"]
[Round "9"]
[White "Smirnov, Artem"]
[Black "Kulaots, Kaido"]
[Result "1/2-1/2"]
[WhiteElo "2421"]
[BlackElo "2560"]
[PlyCount "111"]
[EventDate "2019.07.06"]
[EventType "swiss (rapid)"]
[EventRounds "10"]
[EventCountry "EST"]
[SourceTitle "CBM 191 Extra"]
[Source "ChessBase"]
[SourceDate "2019.09.30"]
[SourceVersion "1"]
[SourceVersionDate "2019.09.30"]
[SourceQuality "1"]

1. d4 Nf6 2. c4 g6 3. Nc3 d5 4. Bg5 Bg7 5. Bxf6 Bxf6 6. cxd5 c5 7. Nf3 cxd4 8. Nxd4 Qb6 9. Nb3 0-0 10. e3 Rd8 11. Be2 e6 12. Qd2 Nc6 13. 0-0 Ne7 14. Bf3 exd5 15. Rfd1 Be6 16. Rac1 Rac8 17. Nd4 Bxd4 18. exd4 Qd6 19. g4 Kg7 20. h4 h6 21. Kg2 Rc6 22. Ne2 Rdc8 23. Rxc6 Nxc6 24. Nf4 Qd7 25. Nxe6+ Qxe6 26. Qf4 Rd8 27. Kg3 Qf6 28. a3 g5 29. Qxf6+ Kxf6 30. Bg2 Ke6 31. f4 f6 32. b4 Kd6 33. b5 Na5 34. Re1 Nb3 35. fxg5 fxg5 36. Rf1 Nxd4 37. Rf6+ Kc5 38. Rxh6 gxh4+ 39. Kxh4 Nxb5 40. a4 Nc3 41. Rh7 d4 42. Rxb7 a5 43. g5 d3 44. Bf3 d2 45. g6 d1Q 46. Bxd1 Rxd1 47. Rc7+ Kb4 48. Kg5 Rg1+ 49. Kh6 Nxa4 50. g7 Nc5 51. Rc8 a4 52. g8Q Rxg8 53. Rxg8 a3 54. Rb8+ Kc3 55. Ra8 Kb3 56. Rxa3+ 1/2-1/2

[Event "Viljandi Raud Olympic 53rd"]
[Site "Viljandi"]
[Date "2019.07.06"]
[Round "3.2"]
[White "Smirnov, Artem"]
[Black "Kanep, Meelis"]
[Result "0-1"]
[WhiteElo "2421"]
[BlackElo "2432"]
[PlyCount "98"]
[EventDate "2019.07.06"]
[EventType "k.o. (rapid)"]
[EventRounds "5"]
[EventCountry "EST"]
[SourceTitle "CBM 191 Extra"]
[Source "ChessBase"]
[SourceDate "2019.09.30"]
[SourceVersion "1"]
[SourceVersionDate "2019.09.30"]
[SourceQuality "1"]

1. d4 Nf6 2. c4 g6 3. Nc3 Bg7 4. e4 d6 5. h3 0-0 6. Be3 e5 7. d5 a5 8. g4 Na6 9. Nge2 c6 10. Ng3 cxd5 11. cxd5 Nc5 12. Be2 Bd7 13. g5 Ne8 14. h4 Nc7 15. h5 b5 16. Rc1 b4 17. Nb1 Nb5 18. Bxb5 Bxb5 19. Bxc5 dxc5 20. Qg4 f5 21. Qh4 Be8 22. hxg6 Bxg6 23. exf5 Rxf5 24. Nxf5 Bxf5 25. Nd2 e4 26. g6 Bxg6 27. Qxd8+ Rxd8 28. Rxc5 Bxb2 29. Rxa5 Bc3 30. Ke2 Rf8 31. Nb3 Rf3 32. Rc5 Rd3 33. Rh4 Kg7 34. Rc7+ Kf6 35. Rhxh7 Bxh7 36. Rxh7 Rxd5 37. Ke3 Rf5 38. Rh4 Rf3+ 39. Ke2 Kf5 40. Nc5 Rf4 41. Rh5+ Kg6 42. Rd5 Rh4 43. Rd6+ Kf5 44. Rd5+ Kg6 45. Ne6 Rh1 46. Ke3 Re1+ 47. Kf4 Re2 48. Ng5 Bd2+ 49. Kg4 Bxg5 0-1

[Event "Viljandi Raud Olympic 53rd"]
[Site "Viljandi"]
[Date "2019.07.06"]
[Round "2.2"]
[White "Valner, Uku"]
[Black "Smirnov, Artem"]
[Result "1-0"]
[WhiteElo "2317"]
[BlackElo "2421"]
[PlyCount "99"]
[EventDate "2019.07.06"]
[EventType "k.o. (rapid)"]
[EventRounds "5"]
[EventCountry "EST"]
[SourceTitle "CBM 191 Extra"]
[Source "ChessBase"]
[SourceDate "2019.09.30"]
[SourceVersion "1"]
[SourceVersionDate "2019.09.30"]
[SourceQuality "1"]

1. e4 c5 2. Nc3 Nc6 3. g3 g6 4. Bg2 Bg7 5. d3 d6 6. Be3 e5 7. Qd2 Be6 8. Nge2 h5 9. h3 Nd4 10. Nd1 Ne7 11. Nc1 Qd7 12. c3 Ndc6 13. Ne2 Rd8 14. d4 cxd4 15. cxd4 d5 16. dxe5 dxe4 17. Qxd7+ Rxd7 18. Bxe4 Nxe5 19. Nf4 Bf5 20. Bxf5 Nxf5 21. Bxa7 g5 22. Ne2 Nd3+ 23. Kf1 0-0 24. g4 Nh4 25. Be3 Nf3 26. Ng3 h4 27. Ne4 f5 28. gxf5 Rxf5 29. Rb1 b5 30. a3 Nde5 31. Ndc3 Nc4 32. Ke2 Bxc3 33. bxc3 Re7 34. Kd3 Rd7+ 35. Kc2 Nxe3+ 36. fxe3 Re7 37. Nd6 Rd5 38. Nxb5 Rxe3 39. a4 Re2+ 40. Kb3 Nd2+ 41. Kb4 Nxb1 42. Rxb1 g4 43. hxg4 h3 44. a5 h2 45. a6 Rdd2 46. Rh1 Ra2 47. a7 Rg2 48. Na3 Rxg4+ 49. Kb3 Rxa3+ 50. Kxa3 1-0

[Event "Viljandi Raud Olympic 53rd"]
[Site "Viljandi"]
[Date "2019.07.06"]
[Round "2.4"]
[White "Valner, Uku"]
[Black "Smirnov, Artem"]
[Result "1/2-1/2"]
[WhiteElo "2317"]
[BlackElo "2421"]
[PlyCount "126"]
[EventDate "2019.07.06"]
[EventType "k.o. (rapid)"]
[EventRounds "5"]
[EventCountry "EST"]
[SourceTitle "CBM 191 Extra"]
[Source "ChessBase"]
[SourceDate "2019.09.30"]
[SourceVersion "1"]
[SourceVersionDate "2019.09.30"]
[SourceQuality "1"]

1. e4 c5 2. Nc3 Nc6 3. g3 g6 4. Bg2 Bg7 5. d3 d6 6. Be3 e5 7. Nge2 Be6 8. 0-0 Nge7 9. Qd2 0-0 10. Bh6 d5 11. Bxg7 Kxg7 12. f4 d4 13. Nd1 f6 14. Nf2 Qd7 15. h4 h5 16. Kh2 Ng8 17. Ng1 Nh6 18. Nf3 Ng4+ 19. Nxg4 hxg4 20. Ng1 Rh8 21. Ne2 exf4 22. Qxf4 Raf8 23. Kg1 Ne5 24. a3 a5 25. b4 c4 26. Rad1 cxd3 27. cxd3 axb4 28. axb4 Rf7 29. Qd2 Ra8 30. Ra1 Rff8 31. Nf4 Bf7 32. Rfc1 Rxa1 33. Rxa1 Rc8 34. Ne2 Qd6 35. Rb1 b5 36. Kh2 Ra8 37. Rb2 Ra1 38. Rc2 Rb1 39. Rc5 Nf3+ 40. Bxf3 gxf3 41. Ng1 Ra1 42. Nxf3 Ra2 43. Rc2 Rxc2 44. Qxc2 Qxb4 45. e5 Qc3 46. exf6+ Kxf6 47. Qf2 Kg7 48. Qxd4+ Qxd4 49. Nxd4 b4 50. Nc2 b3 51. Na3 Kf6 52. Kg2 Ke5 53. Kf2 Kd4 54. Ke2 Kc3 55. Ke3 b2 56. d4 Kb3 57. Nb1 Kc2 58. Nd2 Bd5 59. g4 Bf7 60. Ke2 Kc3 61. Ke3 Kc2 62. Ke2 Kc3 63. Ke3 Kc2 1/2-1/2

[Event "St Petersburg-ch 92nd"]
[Site "St Petersburg"]
[Date "2019.04.10"]
[Round "10"]
[White "Usmanov, Vasily"]
[Black "Smirnov, Artem"]
[Result "0-1"]
[WhiteElo "2450"]
[BlackElo "2413"]
[PlyCount "92"]
[EventDate "2019.04.01"]
[EventType "tourn"]
[EventRounds "11"]
[EventCountry "RUS"]
[EventCategory "7"]
[SourceTitle "CBM 189 Extra"]
[Source "ChessBase"]
[SourceDate "2019.06.03"]
[SourceVersion "1"]
[SourceVersionDate "2019.06.03"]
[SourceQuality "1"]

1. Nf3 Nf6 2. c4 g6 3. Nc3 Bg7 4. g3 0-0 5. Bg2 d6 6. d4 c6 7. 0-0 Bf5 8. Ng5 e5 9. d5 c5 10. e4 Bg4 11. f3 Bc8 12. Be3 Na6 13. a3 Nc7 14. b4 b6 15. Nh3 Nfe8 16. Qd2 f5 17. exf5 gxf5 18. f4 e4 19. Rab1 Qf6 20. Ne2 Qg6 21. Nf2 Nf6 22. Rfd1 Bd7 23. Qc2 Rac8 24. Qb3 Kh8 25. a4 cxb4 26. Nd4 a5 27. Nc6 Qe8 28. Bxb6 Bxc6 29. dxc6 Qxc6 30. Bxa5 Na6 31. Bxb4 Rb8 32. Rxd6 Qb7 33. a5 Qxb4 34. Qxb4 Nxb4 35. Rb6 Nc6 36. a6 Nd7 37. Rb7 Bd4 38. Bh3 Nc5 39. Rxb8 Nxb8 40. a7 Nc6 41. Rb6 e3 42. Kf1 Re8 43. Ne4 Nxa7 44. Bxf5 Nxe4 45. Rb7 Nxg3+ 46. hxg3 e2+ 0-1

[Event "St Petersburg-ch 92nd"]
[Site "St Petersburg"]
[Date "2019.04.06"]
[Round "6"]
[White "Lobanov, Sergei"]
[Black "Smirnov, Artem"]
[Result "1-0"]
[WhiteElo "2528"]
[BlackElo "2413"]
[PlyCount "129"]
[EventDate "2019.04.01"]
[EventType "tourn"]
[EventRounds "11"]
[EventCountry "RUS"]
[EventCategory "7"]
[SourceTitle "CBM 189 Extra"]
[Source "ChessBase"]
[SourceDate "2019.06.03"]
[SourceVersion "1"]
[SourceVersionDate "2019.06.03"]
[SourceQuality "1"]

1. e4 c5 2. Nf3 Nc6 3. d4 cxd4 4. Nxd4 g6 5. c4 Bg7 6. Be3 Nf6 7. Nc3 0-0 8. Be2 d6 9. 0-0 Bd7 10. Qd2 Nxd4 11. Bxd4 Bc6 12. f3 Nd7 13. b4 Bxd4+ 14. Qxd4 Qb6 15. Qxb6 Nxb6 16. Rfc1 Rfc8 17. f4 Kf8 18. e5 dxe5 19. fxe5 Bd7 20. c5 Na4 21. Nxa4 Bxa4 22. b5 a6 23. Bf3 Rab8 24. c6 bxc6 25. bxc6 Rb2 26. Rc5 Rc7 27. a3 e6 28. Rac1 Ke7 29. Ra5 Bb5 30. a4 Be2 31. Bxe2 Rxe2 32. Rcc5 Rd2 33. Rxa6 Rd5 34. Rb5 Rd1+ 35. Kf2 Rc1 36. Ke3 R1xc6 37. Rxc6 Rxc6 38. Rb7+ Kf8 39. Kd3 Ra6 40. Rb4 Ra5 41. Re4 Ke7 42. Kc3 Rc5+ 43. Kb3 h5 44. Re2 Kd7 45. Rd2+ Ke7 46. Ra2 Rxe5 47. a5 Rb5+ 48. Kc4 Rb8 49. a6 f5 50. a7 Ra8 51. Kc5 f4 52. Kc6 g5 53. Kb7 Rxa7+ 54. Rxa7 e5 55. Kc6+ Ke6 56. Ra8 e4 57. Re8+ Kf5 58. Kd5 e3 59. Kd4 Kg4 60. Kd3 h4 61. Rh8 f3 62. Kxe3 fxg2 63. Kf2 Kh3 64. Kg1 g4 65. Rg8 1-0

[Event "Schilcherland op 2nd"]
[Site "Deutschlandsberg"]
[Date "2019.01.02"]
[Round "6"]
[White "Drnovsek, Gal"]
[Black "Smirnov, Artem"]
[Result "0-1"]
[WhiteElo "2423"]
[BlackElo "2404"]
[PlyCount "74"]
[EventDate "2018.12.29"]
[EventType "swiss"]
[EventRounds "9"]
[EventCountry "AUT"]
[SourceTitle "CBM 188 Extra"]
[Source "ChessBase"]
[SourceDate "2019.02.26"]
[SourceVersion "1"]
[SourceVersionDate "2019.02.26"]
[SourceQuality "1"]

1. d4 d5 2. c4 dxc4 3. e3 e5 4. Bxc4 Nc6 5. Nf3 e4 6. Qb3 Nh6 7. Nfd2 f5 8. Nc3 Bd6 9. g3 Bd7 10. Be2 Nf7 11. Nc4 0-0 12. Nxd6 cxd6 13. Bd2 Kh8 14. h4 Rb8 15. g4 Nh6 16. g5 Ng4 17. Qa3 f4 18. Qxd6 Qe8 19. Rg1 Rd8 20. Qc5 Nxf2 21. Kxf2 Nxd4 22. Qxd4 Bc6 23. Qb4 f3 24. Bd3 Rxd3 25. Rad1 Qb8 26. Rh1 Rfd8 27. Nb1 b6 28. h5 Qe5 29. h6 a5 30. Qxb6 Qxg5 31. Rdg1 Rxd2+ 32. Nxd2 Rxd2+ 33. Ke1 Re2+ 34. Kf1 Qb5 35. hxg7+ Kg8 36. Qxb5 Bxb5 37. Rh5 Bd3 0-1

[Event "Chigorin Memorial 26th"]
[Site "St Petersburg"]
[Date "2018.10.28"]
[Round "2"]
[White "Smirnov, Artem"]
[Black "Postnikov, Roman"]
[Result "1-0"]
[WhiteElo "2405"]
[BlackElo "2158"]
[PlyCount "66"]
[EventDate "2018.10.27"]
[EventType "swiss"]
[EventRounds "9"]
[EventCountry "RUS"]
[SourceTitle "CBM 187 Extra"]
[Source "ChessBase"]
[SourceDate "2018.11.04"]
[SourceVersion "1"]
[SourceVersionDate "2018.11.04"]
[SourceQuality "1"]

1. d4 d5 2. Nf3 e6 3. e3 c5 4. b3 Nc6 5. Bb2 Nf6 6. Bd3 cxd4 7. exd4 Bb4+ 8. Nbd2 Ne4 9. 0-0 Bc3 10. Bxc3 Nxc3 11. Qe1 0-0 12. Qe3 Qa5 13. Rfe1 h6 14. a3 b5 15. Nf1 Qb6 16. Ng3 a5 17. Nh5 Ra7 18. Qf4 Qc7 19. Ne5 f6 20. Nxc6 Qxc6 21. Qg3 Qc7 22. Qe3 b4 23. Nf4 Re8 24. axb4 axb4 25. Rxa7 Qxa7 26. Bg6 Re7 27. Nd3 Qb6 28. h4 Bd7 29. Ra1 Be8 30. Ra8 Kf8 31. Nc5 Qc6 32. Rd8 Qc7 33. Nxe6+ Rxe6 1-0

[Event "Barcelona Sant Marti op-A 20th"]
[Site "Barcelona"]
[Date "2018.07.21"]
[Round "9"]
[White "Smirnov, Artem"]
[Black "Krysa, Leandro Sergio"]
[Result "0-1"]
[WhiteElo "2405"]
[BlackElo "2533"]
[PlyCount "112"]
[EventDate "2018.07.13"]
[EventType "swiss"]
[EventRounds "9"]
[EventCountry "ESP"]
[SourceTitle "CBM 185 Extra"]
[Source "ChessBase"]
[SourceDate "2018.07.29"]
[SourceVersion "1"]
[SourceVersionDate "2018.07.29"]
[SourceQuality "1"]

1. d4 Nf6 2. c4 g6 3. Nc3 d5 4. cxd5 Nxd5 5. e4 Nxc3 6. bxc3 Bg7 7. Nf3 c5 8. h3 0-0 9. Be3 Qa5 10. Bd2 Qc7 11. Rc1 e6 12. Bd3 b6 13. 0-0 Bb7 14. Be3 Nd7 15. Re1 Rac8 16. Qd2 e5 17. Bh6 Qd6 18. Bc4 Rce8 19. Bb5 exd4 20. Bf4 Qe7 21. cxd4 Rd8 22. d5 a6 23. Bf1 Ne5 24. Nxe5 Bxe5 25. a4 Bd4 26. Rb1 Rfe8 27. Bc4 Qf6 28. Bg5 Qd6 29. Bxd8 Rxd8 30. Qd3 Ra8 31. Re2 Bc8 32. Kh1 Kg7 33. Rf1 g5 34. Qg3 Qxg3 35. fxg3 Bd7 36. d6 Be6 37. Bxe6 fxe6 38. h4 b5 39. hxg5 b4 40. Rb1 e5 41. g4 Rd8 42. Kh2 Rxd6 43. Rc2 Kg6 44. Kg3 Kxg5 45. Rh1 b3 46. Rcc1 b2 47. Rh5+ Kg6 48. Rch1 Be3 49. Rb1 Bf4+ 50. Kf3 Rd3+ 51. Ke2 Rd2+ 52. Kf3 c4 53. g3 Bg5 54. Rhh1 c3 55. a5 Rc2 56. Rhd1 Rc1 0-1